Review of contracting supply chain (Record no. 112740)
[ view plain ]
| 000 -LEADER | |
|---|---|
| fixed length control field | 01343cad a22001935a 4500 |
| 001 - CONTROL NUMBER | |
| control field | L153871 |
| 008 - FIXED-LENGTH DATA ELEMENTS--GENERAL INFORMATION | |
| fixed length control field | 110914s2011 xxk f 000 0 eng d |
| 035 ## - SYSTEM CONTROL NUMBER | |
| System control number | (Sirsi) u153871 |
| 041 0# - LANGUAGE CODE | |
| Language code of text/sound track or separate title | eng |
| 110 2# - MAIN ENTRY--CORPORATE NAME | |
| Corporate name or jurisdiction name as entry element | Davis Langdon |
| 9 (RLIN) | 4649 |
| 245 00 - TITLE STATEMENT | |
| Title | Review of contracting supply chain |
| Medium | [electronic resource] |
| 260 ## - PUBLICATION, DISTRIBUTION, ETC. | |
| Place of publication, distribution, etc. | London |
| Name of publisher, distributor, etc. | Davis Langdon |
| Date of publication, distribution, etc. | 2011 |
| 520 ## - SUMMARY, ETC. | |
| Summary, etc. | The UK economic environment over the last few years has thrust significant change upon the construction industry. During this time, most clients have reduced their construction activity and, in many cases, have been forced to address their balance sheets and re-capitalise assets. However, recent months have seen a growing curiosity around the state of the contracting supply chain as several clients start to re-focus on their pipeline of development opportunity. So what is the condition of the supply chain? How have contracting organisations faired during the recession? How much capacity and capability remains within the industry? |
| 590 ## - LOCAL NOTE (RLIN) | |
| Local note | KA NTK |
| 651 #4 - SUBJECT ADDED ENTRY--GEOGRAPHIC NAME | |
| Geographic name | United Kingdom |
| Chronological subdivision | |
| 690 ## - LOCAL SUBJECT ADDED ENTRY--TOPICAL TERM (OCLC, RLIN) | |
| Topical term or geographic name as entry element | BUILT ENVIRONMENT-CONSTRUCTION MARKET |
| 856 40 - ELECTRONIC LOCATION AND ACCESS | |
| Uniform Resource Identifier | <a href="https://www.davislangdon.com/upload/StaticFiles/EME%20Publications/Procurement%20Publications/DL-060911%20State%20of%20Contracting%20Supply%20Chain.pdf">https://www.davislangdon.com/upload/StaticFiles/EME%20Publications/Procurement%20Publications/DL-060911%20State%20of%20Contracting%20Supply%20Chain.pdf</a> |
| Public note | View the report free of charge at www.davislangdon.com |
| 942 ## - ADDED ENTRY ELEMENTS (KOHA) | |
| Suppress in OPAC | 0 |
| Withdrawn status | Lost status | Source of classification or shelving scheme | Damaged status | Not for loan | Home library | Current library | Shelving location | Date acquired | Total Checkouts | Full call number | Barcode | Date last seen | Copy number | Price effective from | Koha item type |
|---|---|---|---|---|---|---|---|---|---|---|---|---|---|---|---|
| Dewey Decimal Classification | Virtual | Virtual | Online | 14/09/2011 | ONLINE PUBLICATION | 153871-2001 | 06/08/2019 | 1 | 06/08/2019 | Book |